Countries with the most Steam users - Statistics

General Stats
  • This quiz has been taken 93 times
  • The average score is 11 of 15
Answer Stats
Hint Country % Correct
14.4% United States
100%
3.0% United Kingdom
96%
4.2% Germany
94%
11.6% China
93%
9.6% Russia
93%
3.1% Canada
91%
3.0% France
89%
4.8% Brazil
84%
1.7% Australia
81%
1.7% South Korea
70%
2.6% Poland
69%
1.6% Indonesia
49%
2.0% Ukraine
49%
2.4% Turkey
48%
2.2% Philippines
26%
No matching quizzes found
Score Distribution
Percent of People with Each Score
Percentile by Number Answered
Your Score History
You have not taken this quiz